[Event "CZE-ch"]
[Site "Usti nad Labem"]
[Date "2022.05.21"]
[Round "8"]
[White "Hladky, Tadeas"]
[Black "Horak, Jiri"]
[Result "1/2-1/2"]
[WhiteElo "2119"]
[BlackElo "2161"]
[PlyCount "146"]
[EventDate "2022.05.14"]
[EventType "swiss"]
[EventRounds "9"]
[EventCountry "CZE"]
[SourceTitle "CBM 208 Extra"]
[Source "ChessBase"]
[SourceDate "2022.07.31"]
[SourceVersion "1"]
[SourceVersionDate "2022.07.31"]
[SourceQuality "1"]

1. e4 e5 2. Nf3 Nc6 3. d4 exd4 4. Nxd4 Bc5 5. Be3 Qf6 6. c3 Nge7 7. Bc4 Ne5 8. Be2 d6 9. 0-0 h5 10. Nb5 0-0 11. Bxc5 dxc5 12. Nxc7 Rb8 13. Bxh5 Qf4 14. Nd5 Nxd5 15. Qxd5 Be6 16. Qd2 Qxe4 17. Qe2 Qf5 18. f4 Nd3 19. g3 c4 20. Bf3 Rfe8 21. Qg2 Qb5 22. Na3 Qb6+ 23. Kh1 Qxb2 24. Qxb2 Nxb2 25. Rab1 Na4 26. Rfc1 Nc5 27. Nb5 Bf5 28. Nd6 Bxb1 29. Nxe8 Be4 30. Bxe4 Nxe4 31. Nc7 Rd8 32. Nb5 a6 33. Na3 b5 34. Nb1 Rd3 35. Kg2 f5 36. Kf1 Nd2+ 37. Nxd2 Rxd2 38. a4 Rxh2 39. Kg1 Rb2 40. axb5 axb5 41. Rd1 Kf7 42. Rd5 g6 43. Rc5 Ke6 44. Kf1 Kd6 45. Re5 b4 46. cxb4 Rxb4 47. Ra5 Rb2 48. Ke1 Ke6 49. Rc5 Rg2 50. Rxc4 Rxg3 51. Kf2 Rd3 52. Rc6+ Rd6 53. Rc5 Kf6 54. Ra5 Kg7 55. Ra8 Rf6 56. Kf3 Rb6 57. Kf2 Rb3 58. Rc8 Rb6 59. Ra8 Kf6 60. Ra5 Ke6 61. Re5+ Kd6 62. Ra5 Kc6 63. Re5 Kd6 64. Ra5 Rc6 65. Kf3 Rc5 66. Ra6+ Kd5 67. Rxg6 Rc3+ 68. Kf2 Ke4 69. Ra6 Kxf4 70. Ra4+ Kg5 71. Rb4 Ra3 72. Rc4 Ra1 73. Rb4 Ra3 1/2-1/2

[Event "CZE-ch"]
[Site "Usti nad Labem"]
[Date "2022.05.19"]
[Round "6"]
[White "Jirasko, Miroslav"]
[Black "Horak, Jiri"]
[Result "0-1"]
[WhiteElo "2091"]
[BlackElo "2161"]
[PlyCount "74"]
[EventDate "2022.05.14"]
[EventType "swiss"]
[EventRounds "9"]
[EventCountry "CZE"]
[SourceTitle "CBM 208 Extra"]
[Source "ChessBase"]
[SourceDate "2022.07.31"]
[SourceVersion "1"]
[SourceVersionDate "2022.07.31"]
[SourceQuality "1"]

1. c4 e5 2. Nc3 Nf6 3. Nf3 Nc6 4. e3 d6 5. d4 Be7 6. d5 Nb8 7. e4 0-0 8. Be2 Nbd7 9. Qc2 a5 10. b3 Nc5 11. Nd2 h6 12. a3 Nh7 13. Rb1 f5 14. b4 axb4 15. axb4 Nxe4 16. Ndxe4 fxe4 17. Nxe4 Nf6 18. Ng3 Qe8 19. Bd3 Bd7 20. 0-0 Kh8 21. Bd2 c6 22. dxc6 bxc6 23. f4 exf4 24. Bxf4 d5 25. c5 Ng8 26. Rbe1 Qd8 27. Qe2 Be8 28. Bc2 Bf6 29. Qd3 g6 30. Bd6 Rf7 31. Qxg6 Bd4+ 32. Kh1 Rxf1+ 33. Rxf1 Bxg6 34. Bxg6 Ra1 35. Bb1 Qg5 36. Nf5 Qxf5 37. Bxf5 Rxf1# 0-1

[Event "CZE-ch"]
[Site "Usti nad Labem"]
[Date "2022.05.17"]
[Round "4"]
[White "Bartos, Jan"]
[Black "Horak, Jiri"]
[Result "1/2-1/2"]
[WhiteElo "2125"]
[BlackElo "2161"]
[PlyCount "78"]
[EventDate "2022.05.14"]
[EventType "swiss"]
[EventRounds "9"]
[EventCountry "CZE"]
[SourceTitle "CBM 208 Extra"]
[Source "ChessBase"]
[SourceDate "2022.07.31"]
[SourceVersion "1"]
[SourceVersionDate "2022.07.31"]
[SourceQuality "1"]

1. d4 d5 2. Nf3 Nf6 3. c4 e6 4. g3 c6 5. Bg2 Be7 6. 0-0 0-0 7. Qc2 Nbd7 8. Nbd2 b6 9. e4 dxe4 10. Nxe4 Bb7 11. Rd1 Qc8 12. Bf4 Nxe4 13. Qxe4 Nf6 14. Qe2 Re8 15. Ne5 c5 16. Bxb7 Qxb7 17. dxc5 Bxc5 18. Nd3 Be7 19. Ne5 Red8 20. Rxd8+ Rxd8 21. Rd1 Rxd1+ 22. Qxd1 h6 23. Qf3 Qxf3 24. Nxf3 Nd7 25. Kf1 Bf6 26. b3 e5 27. Be3 Be7 28. Ke2 f5 29. h4 Kf7 30. Nd2 g5 31. hxg5 hxg5 32. f3 Bf6 33. g4 Ke6 34. gxf5+ Kxf5 35. Ne4 Be7 36. Ng3+ Kg6 37. Kd3 Bd6 38. Ne4 Be7 39. Ng3 Bd6 1/2-1/2

[Event "CZE-ch"]
[Site "Usti nad Labem"]
[Date "2022.05.16"]
[Round "3"]
[White "Horak, Jiri"]
[Black "Krejci, Jan1111"]
[Result "0-1"]
[WhiteElo "2161"]
[BlackElo "2520"]
[PlyCount "42"]
[EventDate "2022.05.14"]
[EventType "swiss"]
[EventRounds "9"]
[EventCountry "CZE"]
[SourceTitle "CBM 208 Extra"]
[Source "ChessBase"]
[SourceDate "2022.07.31"]
[SourceVersion "1"]
[SourceVersionDate "2022.07.31"]
[SourceQuality "1"]

1. d4 Nf6 2. Nf3 c5 3. g3 cxd4 4. Nxd4 e5 5. Nb3 d5 6. Bg2 Be7 7. 0-0 0-0 8. N1d2 Nc6 9. Nf3 h6 10. c3 Bg4 11. Be3 b6 12. h3 Be6 13. Kh2 Qc7 14. Qc2 Rfe8 15. Nh4 e4 16. Bh1 Qc8 17. Nd4 Bxh3 18. Ng2 Ng4+ 19. Kg1 Nxe3 20. fxe3 Bd6 21. Kh2 Ne5 0-1

[Event "CZE-ch"]
[Site "Usti nad Labem"]
[Date "2022.05.14"]
[Round "1"]
[White "Horak, Jiri"]
[Black "Rasik, Vitezslav"]
[Result "1/2-1/2"]
[WhiteElo "2161"]
[BlackElo "2433"]
[PlyCount "108"]
[EventDate "2022.05.14"]
[EventType "swiss"]
[EventRounds "9"]
[EventCountry "CZE"]
[SourceTitle "CBM 208 Extra"]
[Source "ChessBase"]
[SourceDate "2022.07.31"]
[SourceVersion "1"]
[SourceVersionDate "2022.07.31"]
[SourceQuality "1"]

1. d4 d6 2. e4 g6 3. Nf3 Nf6 4. Nc3 Bg7 5. Bc4 0-0 6. 0-0 Nxe4 7. Nxe4 d5 8. Bd3 dxe4 9. Bxe4 Nd7 10. c3 c5 11. dxc5 Nxc5 12. Bc2 b6 13. Bf4 Bb7 14. Re1 e6 15. Qxd8 Rfxd8 16. Rad1 Bd5 17. a3 Bc6 18. Bg5 f6 19. Be3 e5 20. b4 Rxd1 21. Rxd1 Ba4 22. Bxa4 Nxa4 23. Rc1 Kf7 24. Kf1 Ke6 25. Ke2 Bf8 26. Rc2 a5 27. Bd2 axb4 28. cxb4 Bd6 29. Be3 b5 30. Nd2 f5 31. f3 Kd7 32. Nb3 Rc8 33. Kd2 Rxc2+ 34. Kxc2 Kc6 35. Nd2 Nb6 36. Bxb6 Kxb6 37. Nb1 Kc6 38. Nc3 e4 39. fxe4 Bxh2 40. exf5 gxf5 41. a4 bxa4 42. Nxa4 Bd6 43. Kd3 Bxb4 44. Ke3 Bd6 45. Nb2 Kd5 46. Nd3 Ke6 47. Kf3 h5 48. Nf2 h4 49. Nd1 Bg3 50. Nc3 Ke5 51. Ne2 Be1 52. Nf4 Kd4 53. Ng6 Bg3 54. Nxh4 Bxh4 1/2-1/2

[Event "CZE-chT2B 1920"]
[Site "Czech Republic"]
[Date "2020.06.28"]
[Round "11.3"]
[White "Horak, Jiri"]
[Black "Hofman, Krystof"]
[Result "0-1"]
[WhiteElo "2196"]
[BlackElo "2089"]
[PlyCount "66"]
[EventDate "2019.10.13"]
[EventType "team-tourn"]
[EventRounds "11"]
[EventCountry "CZE"]
[SourceTitle "EXT 2024"]
[Source "ChessBase"]
[SourceDate "2023.10.10"]
[SourceVersion "1"]
[SourceVersionDate "2023.10.10"]
[SourceQuality "1"]
[WhiteTeam "Udlice"]
[BlackTeam "Teplice"]
[WhiteTeamCountry "CZE"]
[BlackTeamCountry "CZE"]

1. e4 c5 2. Nf3 Nc6 3. d4 cxd4 4. Nxd4 Nf6 5. f3 d6 6. Nc3 g6 7. Be3 Bg7 8. Qd2 0-0 9. 0-0-0 Nxd4 10. Bxd4 Be6 11. h4 h5 12. Nd5 Bxd5 13. exd5 Qd7 14. Kb1 Qf5 15. Qg5 Qxg5 16. hxg5 Nd7 17. Be3 a6 18. Rh4 Rfc8 19. Be2 b5 20. f4 Nc5 21. g4 Na4 22. Bc1 hxg4 23. Rxg4 Rc5 24. Rg2 Rb8 25. f5 Nb6 26. fxg6 f5 27. Bf3 Nc4 28. Rf2 b4 29. Be2 Na3+ 30. Ka1 Rxc2 31. Rxf5 Rbc8 32. Rff1 Rxe2 33. Rf7 Rxc1+ 0-1

[Event "EU-ch Online U2300 Qual"]
[Site "Chess.com INT"]
[Date "2020.05.25"]
[Round "1"]
[White "Dalkowski, Rafal"]
[Black "Horak, Jiri"]
[Result "1-0"]
[WhiteElo "1877"]
[BlackElo "2176"]
[PlyCount "85"]
[EventDate "2020.05.25"]
[EventType "swiss"]
[EventRounds "8"]
[EventCountry "NET"]
[SourceTitle "EXT 2021"]
[Source "ChessBase"]
[SourceDate "2020.10.23"]
[SourceVersion "1"]
[SourceVersionDate "2020.10.23"]
[SourceQuality "1"]

1. d4 d5 2. c4 e6 3. Nc3 Nf6 4. Nf3 Nbd7 5. Bg5 c6 6. e3 Qa5 7. Nd2 dxc4 8. Bxf6 Nxf6 9. Nxc4 Qd8 10. Bd3 Be7 11. 0-0 0-0 12. Qf3 Nd5 13. Rad1 Nxc3 14. bxc3 Bd7 15. e4 b5 16. Ne3 a6 17. e5 f5 18. exf6 Bxf6 19. Ng4 Qe8 20. Rfe1 Qf7 21. Qe4 Qh5 22. Qf3 Kh8 23. Qe4 Rad8 24. Re3 g6 25. Rh3 Qf5 26. Qe2 Qg5 27. f4 Qxf4 28. Bxg6 Kg7 29. Rf1 Bxd4+ 30. cxd4 Qxd4+ 31. Kh1 hxg6 32. Nf2 Rf5 33. Rd3 Qf6 34. Qd2 Qf7 35. Qb2+ e5 36. Rd2 Rh8 37. Rfd1 Be6 38. Nh3 Rf1+ 39. Ng1 Qe7 40. Rxf1 Bd5 41. Re2 Rxh2+ 42. Kxh2 Qh4+ 43. Nh3 1-0

[Event "EU-ch Online U2300 Qual"]
[Site "Chess.com INT"]
[Date "2020.05.25"]
[Round "5"]
[White "Eliseev, Evgeniy1111"]
[Black "Horak, Jiri"]
[Result "1-0"]
[WhiteElo "2407"]
[BlackElo "2176"]
[PlyCount "83"]
[EventDate "2020.05.25"]
[EventType "swiss"]
[EventRounds "8"]
[EventCountry "NET"]
[SourceTitle "EXT 2021"]
[Source "ChessBase"]
[SourceDate "2020.10.23"]
[SourceVersion "1"]
[SourceVersionDate "2020.10.23"]
[SourceQuality "1"]

1. d4 d5 2. Nf3 Nf6 3. c4 e6 4. Nc3 Be7 5. Bg5 0-0 6. e3 c6 7. Qc2 Nbd7 8. Rd1 Re8 9. Bd3 dxc4 10. Bxc4 b5 11. Be2 Bb7 12. e4 b4 13. Na4 Qa5 14. 0-0 c5 15. e5 Be4 16. Bd3 Bxd3 17. Rxd3 c4 18. Rdd1 Nd5 19. Bxe7 Nxe7 20. Ng5 Ng6 21. Ne4 Rec8 22. f4 Qd5 23. Nac5 Nb6 24. f5 exf5 25. Nd6 Rxc5 26. dxc5 Qxc5+ 27. Kh1 Qxe5 28. Nxc4 Qc5 29. b3 f4 30. Qe4 Rb8 31. Nd6 a5 32. Nf5 h6 33. Rc1 Qe5 34. Qxe5 Nxe5 35. Rc5 Nd3 36. Rxa5 g5 37. Nxh6+ Kh7 38. Nxf7 g4 39. Ne5 Nxe5 40. Rxe5 Rd8 41. Re4 Nd5 42. Rd4 1-0

[Event "EU-ch Online U2300 Qual"]
[Site "Chess.com INT"]
[Date "2020.05.25"]
[Round "3"]
[White "Horak, Jiri"]
[Black "Goltseva, Ekaterina"]
[Result "1/2-1/2"]
[WhiteElo "2176"]
[BlackElo "2306"]
[PlyCount "105"]
[EventDate "2020.05.25"]
[EventType "swiss"]
[EventRounds "8"]
[EventCountry "NET"]
[SourceTitle "EXT 2021"]
[Source "ChessBase"]
[SourceDate "2020.10.23"]
[SourceVersion "1"]
[SourceVersionDate "2020.10.23"]
[SourceQuality "1"]

1. e4 e5 2. Nf3 Nc6 3. Bb5 a6 4. Ba4 Nf6 5. d3 d6 6. h3 g6 7. Nbd2 Bg7 8. 0-0 0-0 9. c3 Nh5 10. Re1 b5 11. Bb3 Na5 12. Bc2 c5 13. Nf1 Nc6 14. Ng3 Nxg3 15. fxg3 Bb7 16. a4 d5 17. axb5 axb5 18. Rxa8 Bxa8 19. exd5 Qxd5 20. Bb3 Qd6 21. Ng5 Na5 22. Bc2 f5 23. Qe2 h6 24. Nf3 Re8 25. Nh4 Kh7 26. g4 Qf6 27. Nf3 e4 28. dxe4 fxe4 29. Nd2 e3 30. Nf3 Nc4 31. b3 Nd6 32. Bxe3 Qxc3 33. Qd3 Be4 34. Qxd6 Bxc2 35. Qxc5 Qxc5 36. Bxc5 Rxe1+ 37. Nxe1 Bxb3 38. Kf2 Bd5 39. Bb4 Bd4+ 40. Ke2 Bc4+ 41. Kf3 Kg7 42. Ke4 Bb6 43. Nd3 Kf6 44. Bc3+ Ke6 45. Nf4+ Kf7 46. h4 Bc5 47. Nd3 Bxd3+ 48. Kxd3 h5 49. gxh5 gxh5 50. Ke4 Ke6 51. Kf4 Be7 52. g4 hxg4 53. Kxg4 1/2-1/2

[Event "CZE-chT2B 1920"]
[Site "Czech Republic"]
[Date "2019.12.01"]
[Round "4.3"]
[White "Horak, Jiri"]
[Black "Musil, Miroslav"]
[Result "1-0"]
[WhiteElo "2196"]
[BlackElo "2007"]
[PlyCount "53"]
[EventDate "2019.10.13"]
[EventType "team-tourn"]
[EventRounds "11"]
[EventCountry "CZE"]
[SourceTitle "EXT 2024"]
[Source "ChessBase"]
[SourceDate "2023.10.10"]
[SourceVersion "1"]
[SourceVersionDate "2023.10.10"]
[SourceQuality "1"]
[WhiteTeam "Udlice"]
[BlackTeam "Karlovy Vary Tietz II"]
[WhiteTeamCountry "CZE"]
[BlackTeamCountry "CZE"]

1. d4 Nf6 2. c4 e6 3. Nf3 d5 4. Nc3 Be7 5. Bf4 0-0 6. e3 b6 7. Rc1 c6 8. Bd3 Bb7 9. 0-0 Nbd7 10. cxd5 exd5 11. Ne5 c5 12. Qf3 a6 13. Qh3 Re8 14. Nxd7 Qxd7 15. Bxh7+ Kf8 16. Bf5 Qd8 17. Qh8+ Ng8 18. Bh7 Bf6 19. dxc5 bxc5 20. Bxg8 Ke7 21. Qh5 Rxg8 22. Rfd1 g5 23. Bg3 Bxc3 24. bxc3 Qa5 25. c4 Rad8 26. h4 f6 27. Qh7+ 1-0

[Event "Zalakaros op 37th"]
[Site "Zalakaros"]
[Date "2018.05.27"]
[Round "3"]
[White "Czebe, Attila"]
[Black "Horak, Jiri"]
[Result "0-1"]
[WhiteElo "2422"]
[BlackElo "2131"]
[PlyCount "80"]
[EventDate "2018.05.25"]
[EventType "swiss"]
[EventRounds "9"]
[EventCountry "HUN"]
[SourceTitle "CBM 184 Extra"]
[Source "ChessBase"]
[SourceDate "2018.06.28"]
[SourceVersion "1"]
[SourceVersionDate "2018.06.28"]
[SourceQuality "1"]

1. Nf3 d5 2. g3 Nf6 3. Bg2 e6 4. 0-0 c5 5. d4 Nc6 6. c4 dxc4 7. Ne5 Nxe5 8. dxe5 Qxd1 9. Rxd1 Nd5 10. Na3 c3 11. Bxd5 exd5 12. Nb5 cxb2 13. Bxb2 Kd7 14. Nd6 Bxd6 15. Rxd5 Kc6 16. Rxd6+ Kc7 17. e4 Be6 18. f4 g6 19. g4 Bxg4 20. Rd5 b6 21. e6 Bxe6 22. Bxh8 Rxh8 23. Rd2 b5 24. Kf2 c4 25. Rad1 c3 26. Rd4 Bxa2 27. Rc1 Bc4 28. Rxc3 a5 29. Ke3 Kc6 30. e5 a4 31. Rc1 a3 32. Rd6+ Kc5 33. Ra6 b4 34. Ra7 Kb6 35. Ra4 Kb5 36. Ra7 Rc8 37. Rb7+ Ka4 38. Rb1 b3 39. Kd4 b2 40. Re1 Ba6 0-1

[Event "CZE-chT2B 1617"]
[Site "Czech Republic"]
[Date "2017.03.19"]
[Round "10.5"]
[White "Novacek, Jan"]
[Black "Horak, Jiri"]
[Result "1/2-1/2"]
[WhiteElo "2094"]
[BlackElo "2169"]
[PlyCount "26"]
[EventDate "2016.10.09"]
[EventType "team-tourn"]
[EventRounds "11"]
[EventCountry "CZE"]
[SourceTitle "EXT 2022"]
[Source "ChessBase"]
[SourceDate "2021.10.06"]
[SourceVersion "1"]
[SourceVersionDate "2021.10.06"]
[SourceQuality "1"]
[WhiteTeam "Litomerice"]
[BlackTeam "Most Chess"]
[WhiteTeamCountry "CZE"]
[BlackTeamCountry "CZE"]

1. e4 e5 2. Nf3 Nc6 3. Bc4 Bc5 4. 0-0 Nf6 5. d3 h6 6. Nc3 0-0 7. a3 d6 8. h3 Be6 9. Bxe6 fxe6 10. Na4 Bb6 11. Nxb6 axb6 12. Qe2 Qe8 13. Be3 Qh5 1/2-1/2

[Event "Teplice op 10th"]
[Site "Teplice"]
[Date "2015.06.19"]
[Round "7"]
[White "Horak, Jiri"]
[Black "Cukrowski, Filip"]
[Result "0-1"]
[WhiteElo "2181"]
[BlackElo "2324"]
[PlyCount "84"]
[EventDate "2015.06.13"]
[EventType "swiss"]
[EventRounds "9"]
[EventCountry "CZE"]
[SourceTitle "EXT 2017"]
[Source "ChessBase"]
[SourceDate "2016.10.25"]
[SourceVersion "1"]
[SourceVersionDate "2016.10.25"]
[SourceQuality "1"]

1. d4 Nf6 2. Nf3 g6 3. g3 Bg7 4. Bg2 0-0 5. 0-0 c6 6. c4 d5 7. cxd5 cxd5 8. Ne5 Ne4 9. Nd2 f5 10. Nxe4 fxe4 11. Qb3 Kh8 12. f4 a5 13. Bd2 a4 14. Qc3 Na6 15. Rfc1 Be6 16. Qa5 Qxa5 17. Bxa5 Rfc8 18. e3 Bxe5 19. fxe5 Nc5 20. Bb4 Nd3 21. Rxc8+ Rxc8 22. Bxe7 Nxb2 23. Rf1 Nd3 24. h3 Rc1 25. g4 b5 26. Rxc1 Nxc1 27. a3 Na2 28. Bf1 Bd7 29. Kf2 b4 30. axb4 Nc3 31. b5 Bxb5 32. Bb4 Nd1+ 33. Ke1 Bxf1 34. Kxd1 g5 35. h4 gxh4 36. Ke1 Bh3 37. g5 Be6 38. Kf2 h3 39. Kg3 Kg7 40. Ba3 Kg6 41. Be7 h6 42. gxh6 Kxh6 0-1

[Event "Teplice op 10th"]
[Site "Teplice"]
[Date "2015.06.18"]
[Round "6"]
[White "Drahorad, Daniel"]
[Black "Horak, Jiri"]
[Result "0-1"]
[WhiteElo "1977"]
[BlackElo "2181"]
[PlyCount "66"]
[EventDate "2015.06.13"]
[EventType "swiss"]
[EventRounds "9"]
[EventCountry "CZE"]
[SourceTitle "EXT 2017"]
[Source "ChessBase"]
[SourceDate "2016.10.25"]
[SourceVersion "1"]
[SourceVersionDate "2016.10.25"]
[SourceQuality "1"]

1. e4 e5 2. Nf3 Nc6 3. Bb5 Nf6 4. Nc3 Nd4 5. 0-0 Nxb5 6. Nxb5 d6 7. d4 exd4 8. Qxd4 a6 9. Nc3 Be7 10. Re1 0-0 11. Bf4 Bg4 12. Qd3 Re8 13. h3 Bh5 14. Nd4 Nd7 15. f3 Ne5 16. Qf1 f6 17. Nd5 Bf7 18. b3 Bf8 19. c4 c6 20. Nc3 b5 21. cxb5 axb5 22. Kh1 b4 23. Na4 c5 24. Bxe5 dxe5 25. Nf5 c4 26. Red1 Qb8 27. Qf2 cxb3 28. axb3 Bxb3 29. Nb6 Rxa1 30. Rxa1 Rd8 31. Re1 g6 32. Nh4 Rd6 33. Nc4 Rc6 0-1

[Event "Teplice op 10th"]
[Site "Teplice"]
[Date "2015.06.13"]
[Round "1"]
[White "Pribylova, Sofie"]
[Black "Horak, Jiri"]
[Result "0-1"]
[WhiteElo "1767"]
[BlackElo "2181"]
[PlyCount "76"]
[EventDate "2015.06.13"]
[EventType "swiss"]
[EventRounds "9"]
[EventCountry "CZE"]
[SourceTitle "EXT 2017"]
[Source "ChessBase"]
[SourceDate "2016.10.25"]
[SourceVersion "1"]
[SourceVersionDate "2016.10.25"]
[SourceQuality "1"]

1. d4 d5 2. Bf4 Nf6 3. e3 Bf5 4. Nf3 e6 5. a3 Bd6 6. Ne5 Nbd7 7. h3 0-0 8. c4 Ne4 9. Be2 Nxe5 10. dxe5 Be7 11. 0-0 dxc4 12. f3 Nc5 13. e4 Nd3 14. Bxd3 cxd3 15. Qd2 Bg6 16. Rd1 Qd4+ 17. Kh1 Rfd8 18. Qc3 c5 19. Qxd4 Rxd4 20. Nd2 Rad8 21. Rac1 b6 22. Nc4 f5 23. exf6 gxf6 24. b3 e5 25. Bg3 Bf7 26. Rd2 b5 27. Na5 Rc8 28. Nb7 Rd7 29. Na5 Bd8 30. b4 c4 31. Rc3 Bb6 32. Bh4 Kg7 33. g4 Bd4 34. Rcxd3 cxd3 35. Rxd3 Rc1+ 36. Kg2 Rdc7 37. Nb3 Bxb3 38. Rxb3 R7c2+ 0-1

[Event "CZE-chT2B 1314"]
[Site "Czech Republic"]
[Date "2014.04.06"]
[Round "11.3"]
[White "Horak, Jiri"]
[Black "Vichnar, David"]
[Result "0-1"]
[WhiteElo "2150"]
[BlackElo "2203"]
[PlyCount "56"]
[EventDate "2013.11.03"]
[EventType "team-tourn"]
[EventRounds "11"]
[EventCountry "CZE"]
[SourceTitle "EXT 2015"]
[Source "ChessBase"]
[SourceDate "2014.11.20"]
[SourceVersion "1"]
[SourceVersionDate "2014.11.20"]
[SourceQuality "1"]
[WhiteTeam "Litvinov Lom"]
[BlackTeam "Vysehrad"]
[WhiteTeamCountry "CZE"]
[BlackTeamCountry "CZE"]

1. d4 d5 2. c4 c6 3. Nc3 e6 4. Nf3 dxc4 5. a4 Bb4 6. e3 b5 7. Bd2 a5 8. Ne5 Bb7 9. Ne4 Nf6 10. Bxb4 Nxe4 11. Qg4 axb4 12. Qxe4 Qd5 13. Qf4 0-0 14. Be2 f6 15. Nf3 c3 16. bxc3 bxc3 17. 0-0 Rxa4 18. Rxa4 bxa4 19. Qc7 Ba6 20. Bxa6 Nxa6 21. Qa7 Qb5 22. Ne1 Nb4 23. Qe7 Qc4 24. d5 exd5 25. Nf3 c2 26. Rc1 Nd3 27. Nd4 Nxc1 28. Ne6 Ne2+ 0-1

[Event "CZE-chT2B 1314"]
[Site "Czech Republic"]
[Date "2014.03.23"]
[Round "10.4"]
[White "Horak, Jiri"]
[Black "Jinova, Lucie"]
[Result "1/2-1/2"]
[WhiteElo "2150"]
[BlackElo "2103"]
[PlyCount "73"]
[EventDate "2013.11.03"]
[EventType "team-tourn"]
[EventRounds "11"]
[EventCountry "CZE"]
[SourceTitle "EXT 2015"]
[Source "ChessBase"]
[SourceDate "2014.11.20"]
[SourceVersion "1"]
[SourceVersionDate "2014.11.20"]
[SourceQuality "1"]
[WhiteTeam "Litvinov Lom"]
[BlackTeam "Novoborsky III"]
[WhiteTeamCountry "CZE"]
[BlackTeamCountry "CZE"]

1. d4 d5 2. c4 e6 3. Nf3 Nf6 4. Nc3 Be7 5. Bg5 0-0 6. e3 Nbd7 7. Rc1 b6 8. cxd5 exd5 9. Ne5 Bb7 10. Bd3 c5 11. 0-0 Nxe5 12. dxe5 Ne4 13. Bxe7 Qxe7 14. f4 Rad8 15. Qh5 f6 16. Nxe4 dxe4 17. Bc4+ Kh8 18. e6 g6 19. Qh4 Bd5 20. f5 gxf5 21. Rxf5 Qxe6 22. Rxd5 Rxd5 23. Qh6 Rf7 24. Rf1 Kg8 25. h4 b5 26. Bxd5 Qxd5 27. Rxf6 Rxf6 28. Qxf6 Qxa2 29. Qg5+ Kf7 30. Qf5+ Kg7 31. Qxc5 Qxb2 32. Qxa7+ Kf6 33. Qb6+ Ke5 34. Qc5+ Ke6 35. g4 Qb1+ 36. Kf2 b4 37. Qc6+ 1/2-1/2

[Event "Kouty nad Desnou op-A"]
[Site "Kouty nad Desnou"]
[Date "2014.03.14"]
[Round "8"]
[White "Melichar, Vojtech"]
[Black "Horak, Jiri"]
[Result "0-1"]
[WhiteElo "1952"]
[BlackElo "2150"]
[PlyCount "46"]
[EventDate "2014.03.08"]
[EventType "swiss"]
[EventRounds "9"]
[EventCountry "CZE"]
[SourceTitle "EXT 2015"]
[Source "ChessBase"]
[SourceDate "2014.11.20"]
[SourceVersion "1"]
[SourceVersionDate "2014.11.20"]
[SourceQuality "1"]

1. e4 e5 2. Nf3 Nc6 3. Bc4 Bc5 4. c3 Nf6 5. d4 exd4 6. cxd4 Bb4+ 7. Bd2 Bxd2+ 8. Nbxd2 d5 9. exd5 Nxd5 10. Qb3 Nce7 11. 0-0 0-0 12. Rfe1 c6 13. Ne4 Qb6 14. Qa3 h6 15. Rac1 a5 16. Nd6 Qb4 17. Qxb4 axb4 18. Ne5 Nf5 19. Nexf7 Rxf7 20. Re8+ Rf8 21. Bxd5+ cxd5 22. Rcxc8 Rxc8 23. Rxc8 Nxd6 0-1

[Event "Kouty nad Desnou op-A"]
[Site "Kouty nad Desnou"]
[Date "2014.03.13"]
[Round "7"]
[White "Horak, Jiri"]
[Black "Kislinsky, Alexey"]
[Result "1-0"]
[WhiteElo "2150"]
[BlackElo "2500"]
[PlyCount "109"]
[EventDate "2014.03.08"]
[EventType "swiss"]
[EventRounds "9"]
[EventCountry "CZE"]
[SourceTitle "EXT 2015"]
[Source "ChessBase"]
[SourceDate "2014.11.20"]
[SourceVersion "1"]
[SourceVersionDate "2014.11.20"]
[SourceQuality "1"]

1. d4 d6 2. g3 c5 3. dxc5 Qa5+ 4. Nc3 Qxc5 5. Bg2 Nf6 6. Nf3 g6 7. 0-0 Bg7 8. Qd4 Qxd4 9. Nxd4 a6 10. Rd1 Nbd7 11. a4 h5 12. h3 Rb8 13. a5 Nc5 14. b4 Ne6 15. Be3 Bd7 16. Na4 Nxd4 17. Bxd4 Bc6 18. c4 Bxg2 19. Kxg2 h4 20. g4 e5 21. Be3 Ke7 22. c5 d5 23. g5 Ne4 24. Rxd5 Rh5 25. Rad1 Nxg5 26. Rd7+ Ke8 27. c6 bxc6 28. Ba7 Rb5 29. Nc3 Ne6 30. Nxb5 cxb5 31. Bc5 Rg5+ 32. Kf1 Bf8 33. Bxf8 Kxf8 34. e3 Rf5 35. Ra7 Ng5 36. Kg2 Ne4 37. f3 Ng5 38. Rf1 Rf6 39. f4 exf4 40. Rxf4 Rc6 41. Rxh4 Kg7 42. Rf4 Kh6 43. h4 Ne6 44. Rfxf7 g5 45. Rh7+ Kg6 46. h5+ Kf5 47. Rhf7+ Kg4 48. h6 Nd8 49. Rf8 Rc2+ 50. Rf2 Rc8 51. Rxa6 Rc7 52. Rg6 Rh7 53. Rf8 Nc6 54. Rxc6 Rxh6 55. Rc5 1-0

[Event "Kouty nad Desnou op-A"]
[Site "Kouty nad Desnou"]
[Date "2014.03.10"]
[Round "3"]
[White "Pycha, Patrik"]
[Black "Horak, Jiri"]
[Result "0-1"]
[WhiteElo "1997"]
[BlackElo "2150"]
[PlyCount "92"]
[EventDate "2014.03.08"]
[EventType "swiss"]
[EventRounds "9"]
[EventCountry "CZE"]
[SourceTitle "EXT 2015"]
[Source "ChessBase"]
[SourceDate "2014.11.20"]
[SourceVersion "1"]
[SourceVersionDate "2014.11.20"]
[SourceQuality "1"]

1. e4 e5 2. Nf3 Nc6 3. Bb5 a6 4. Bxc6 dxc6 5. 0-0 f6 6. d4 exd4 7. Nxd4 c5 8. Ne2 Bg4 9. f3 Be6 10. Nbc3 Bd6 11. Bf4 Ne7 12. Bxd6 Qxd6 13. Qxd6 cxd6 14. Nf4 Bf7 15. Rfd1 0-0-0 16. Nfd5 Bxd5 17. Nxd5 Nxd5 18. Rxd5 Rhe8 19. Rad1 Kc7 20. a4 Re5 21. R5d3 f5 22. exf5 Rxf5 23. c4 Kc6 24. Rd5 Rxd5 25. Rxd5 b5 26. axb5+ axb5 27. b3 bxc4 28. bxc4 Rb8 29. Rf5 Rb4 30. Rf7 Rxc4 31. Rxg7 Rh4 32. g3 Rh6 33. h4 c4 34. Kf2 Kc5 35. Ke3 Re6+ 36. Kd2 h6 37. f4 Kd4 38. f5 c3+ 39. Kd1 Re3 40. Rd7 d5 41. Kc2 Rxg3 42. f6 Rg2+ 43. Kb3 Rb2+ 44. Ka3 Rb8 45. Rg7 c2 46. Rg1 Rb1 0-1

[Event "CZE-chT2B 1314"]
[Site "Czech Republic"]
[Date "2014.03.02"]
[Round "9.4"]
[White "Kotek, Daniel"]
[Black "Horak, Jiri"]
[Result "1-0"]
[WhiteElo "2280"]
[BlackElo "2150"]
[PlyCount "59"]
[EventDate "2013.11.03"]
[EventType "team-tourn"]
[EventRounds "11"]
[EventCountry "CZE"]
[SourceTitle "EXT 2015"]
[Source "ChessBase"]
[SourceDate "2014.11.20"]
[SourceVersion "1"]
[SourceVersionDate "2014.11.20"]
[SourceQuality "1"]
[WhiteTeam "Usti nad Labem"]
[BlackTeam "Litvinov Lom"]
[WhiteTeamCountry "CZE"]
[BlackTeamCountry "CZE"]

1. e4 e5 2. f4 exf4 3. Bc4 d5 4. Bxd5 Nf6 5. Nc3 c6 6. Bb3 Bc5 7. Nf3 Bg4 8. Bxf7+ Ke7 9. Bb3 Rf8 10. d3 g5 11. h4 h6 12. hxg5 hxg5 13. e5 Nh5 14. Ne4 Rf5 15. Nxc5 Qa5+ 16. c3 Rxe5+ 17. Ne4 Nd7 18. Qc2 Ndf6 19. Nxe5 Qxe5 20. 0-0 Nxe4 21. Re1 Nhg3 22. Rxe4 Nxe4 23. dxe4 Rh8 24. Qf2 f3 25. gxf3 Rf8 26. Bd1 Be6 27. Be3 g4 28. Bc5+ Ke8 29. Bxf8 g3 30. Qc5 1-0